| 000 | 01318ny a22003253n 4500 | ||
|---|---|---|---|
| 005 | 20240305165342.0 | ||
| 008 | 050421s2000 sp s 000 0 spa c | ||
| 020 | _a8471302160 | ||
| 035 | _a483 | ||
| 040 |
_aUMA.DER _dvLex |
||
| 040 |
_aUMA.RE _dvLex |
||
| 080 | _a34(460) | ||
| 080 | _a347(460) | ||
| 090 |
_c2132 _d2132 |
||
| 245 | 0 | 0 |
_aComentarios al Código Civil y compilaciones forales _h[Recurso electrónico] _cdirigidos por Manuel Albaladejo |
| 256 | _aServicio en línea. | ||
| 260 |
_aMadrid : _bEDERSA, _c2000. |
||
| 300 |
_ap. ; _c22 cm |
||
| 505 | 0 | _tTomo VII, Vol. 8, Artículos 138 a 197 de la Ley Hipotecaria / | |
| 506 | 1 |
_aContenido solo disponible en los productos indicados _dvLex Global _dvLex Global (Academic Edition, excluding Law Schools) _dvLex Global (U.S. Academic Edition, Law Schools) _dvLex Global (U.S. Academic Edition, excluding Law Schools) _dvLex Global (Academic Edition, Law Schools) |
|
| 650 | 0 | 7 |
_2Tesauro vLex _aCivil |
| 650 | 0 | 7 |
_2Tesauro vLex _aCódigo civil |
| 650 | 0 | 7 |
_2Tesauro vLex _aHipoteca |
| 650 | 0 | 7 |
_2Tesauro vLex _aInmobiliario y registral |
| 650 | 0 | 7 |
_2Tesauro vLex _aDerecho hipotecario |
| 700 |
_aAlbaladejo García, Manuel, _edir |
||
| 740 | 0 | _avLex Libros (Servicios en línea) | |
| 856 | 4 | 0 | _uhttps://app.vlex.com/#/sources/483 |
| 942 | _cRAA | ||
| 999 |
_c160565 _d160565 |
||